Statistics for Natural Features of Countries #2

Click here to take the quiz!

General Stats

  • This quiz has been taken 15,404 times
  • The average score is 14 of 21

Answer Stats

Natural Feature Country % Correct
Amazon RiverBrazil
98%
River ThamesUnited Kingdom
95%
CreteGreece
93%
Tibetan PlateauChina
90%
Ganges RiverIndia
86%
Baja CaliforniaMexico
85%
Cape CodUnited States
83%
SognefjordNorway
82%
Canary IslandsSpain
82%
Black ForestGermany
80%
Bay of PigsCuba
77%
Sinai PeninsulaEgypt
75%
Baffin IslandCanada
69%
Indus ValleyPakistan
62%
Mt. AraratTurkey
62%
KamchatkaRussia
57%
Amalfi CoastItaly
51%
Negev DesertIsrael
40%
Cape York PeninsulaAustralia
37%
Tora Bora CavesAfghanistan
24%
SundarbansBangladesh
16%

Score Distribution

Percentile by Number Answered

Percent of People with Each Score

Your Score History

You have not taken this quiz